[Event "GER-chT North U12"]
[Site "Magdeburg"]
[Date "2014.09.13"]
[Round "5.2"]
[White "Kuehne, Leon"]
[Black "Hovhannisyan, Artur"]
[Result "0-1"]
[WhiteElo "1108"]
[BlackElo "1720"]
[PlyCount "76"]
[EventDate "2014.09.11"]
[EventType "team-swiss"]
[EventRounds "7"]
[EventCountry "GER"]
[SourceTitle "EXT 2016"]
[Source "ChessBase"]
[SourceDate "2015.10.08"]
[SourceVersion "1"]
[SourceVersionDate "2015.10.08"]
[SourceQuality "1"]
[WhiteTeam "Magdeburg Schachzwerge"]
[BlackTeam "Harksheide"]
[WhiteTeamCountry "GER"]
[BlackTeamCountry "GER"]

1. e4 c5 2. Nf3 e6 3. d4 cxd4 4. Nxd4 Nc6 5. Nc3 Bb4 6. Be3 Nf6 7. Bd3 d5 8. f3 dxe4 9. Bxe4 Nxe4 10. fxe4 Qh4+ 11. Kf1 Bxc3 12. bxc3 Qxe4 13. Qd2 0-0 14. Qf2 e5 15. Nb3 Qc4+ 16. Kg1 Qxc3 17. Rf1 b6 18. h3 Be6 19. Nc1 Rad8 20. Kh2 Nd4 21. Rhg1 Nxc2 22. Ne2 Qxe3 23. Qxe3 Nxe3 24. Rf3 Nc4 25. Nc3 e4 26. Rf2 e3 27. Re2 Rd2 28. Rge1 Rfd8 29. Kg3 Rxe2 30. Rxe2 Rd7 31. Re1 Nb2 32. Kf3 Nc4 33. Ne4 Bd5 34. g3 f5 35. h4 Bxe4+ 36. Kf4 Nb2 37. g4 Nd3+ 38. Kg3 Nxe1 0-1

[Event "GER-chT U10"]
[Site "Magdeburg"]
[Date "2013.12.28"]
[Round "3.1"]
[White "Buchloh, Adrian"]
[Black "Kuehne, Leon"]
[Result "1-0"]
[WhiteElo "1388"]
[BlackElo "1256"]
[PlyCount "40"]
[EventDate "2013.12.27"]
[EventType "team-swiss"]
[EventRounds "5"]
[EventCountry "GER"]
[SourceTitle "EXT 2015"]
[Source "ChessBase"]
[SourceDate "2014.11.20"]
[SourceVersion "1"]
[SourceVersionDate "2014.11.20"]
[SourceQuality "1"]
[WhiteTeam "Hagen"]
[BlackTeam "Magdeburg Schachzwerge"]
[WhiteTeamCountry "GER"]
[BlackTeamCountry "GER"]

1. d4 d5 2. Bf4 Nf6 3. Nc3 Nc6 4. Nb5 Nh5 5. Bxc7 Qd7 6. Bg3 Nxg3 7. hxg3 e5 8. dxe5 Nxe5 9. e3 Bb4+ 10. c3 Ba5 11. Nd4 a6 12. Qc2 h6 13. 0-0-0 b5 14. e4 Bb7 15. exd5 Bxd5 16. Re1 Bc7 17. f4 Bxa2 18. fxe5 Rc8 19. e6 fxe6 20. Nxe6 Bxe6 1-0

[Event "GER-chT U10"]
[Site "Magdeburg"]
[Date "2013.12.28"]
[Round "5.1"]
[White "Keil, Emil"]
[Black "Kuehne, Leon"]
[Result "1-0"]
[WhiteElo "848"]
[BlackElo "1256"]
[PlyCount "89"]
[EventDate "2013.12.27"]
[EventType "team-swiss"]
[EventRounds "5"]
[EventCountry "GER"]
[SourceTitle "EXT 2015"]
[Source "ChessBase"]
[SourceDate "2014.11.20"]
[SourceVersion "1"]
[SourceVersionDate "2014.11.20"]
[SourceQuality "1"]
[WhiteTeam "Erfurt Empor II"]
[BlackTeam "Magdeburg Schachzwerge"]
[WhiteTeamCountry "GER"]
[BlackTeamCountry "GER"]

1. e4 e5 2. Nf3 Nc6 3. Bc4 Bc5 4. Nc3 d6 5. d3 Bg4 6. Be3 Bb6 7. h3 Bh5 8. g4 Bg6 9. Qd2 Ba5 10. 0-0-0 h6 11. Qe1 Qf6 12. Nh2 Nd4 13. Bd2 Ne7 14. Rf1 Nf3 15. Nxf3 Qxf3 16. Nb5 Bxd2+ 17. Qxd2 0-0 18. Qe3 Qxe3+ 19. fxe3 c6 20. Nxd6 b5 21. Bb3 Rad8 22. Nb7 Rd7 23. Nc5 Rd6 24. h4 h5 25. gxh5 Bxh5 26. Rd2 Ng6 27. Rdf2 Bg4 28. Bxf7+ Rxf7 29. Rxf7 Nxh4 30. Rf8+ Kh7 31. Nb7 Rd7 32. Nd8 Ng6 33. Rh1+ Nh4 34. Rxh4+ Bh5 35. Rxh5+ Kg6 36. Rh1 a5 37. Rg1+ Kh7 38. Nf7 Rxf7 39. Rxf7 c5 40. Rc7 Kh6 41. Rxc5 g5 42. Rxe5 b4 43. Rexg5 a4 44. R5g2 a3 45. Rh2# 1-0

[Event "GER-chT U10"]
[Site "Magdeburg"]
[Date "2013.12.27"]
[Round "2.1"]
[White "Matthiessen, Linus"]
[Black "Kuehne, Leon"]
[Result "0-1"]
[WhiteElo "1053"]
[BlackElo "1256"]
[PlyCount "104"]
[EventDate "2013.12.27"]
[EventType "team-swiss"]
[EventRounds "5"]
[EventCountry "GER"]
[SourceTitle "EXT 2015"]
[Source "ChessBase"]
[SourceDate "2014.11.20"]
[SourceVersion "1"]
[SourceVersionDate "2014.11.20"]
[SourceQuality "1"]
[WhiteTeam "Paderborn II"]
[BlackTeam "Magdeburg Schachzwerge"]
[WhiteTeamCountry "GER"]
[BlackTeamCountry "GER"]

1. d4 d5 2. Nf3 Nc6 3. Bf4 Nf6 4. e3 e6 5. c3 Be7 6. Bd3 Ne4 7. Nbd2 Nd6 8. Ne5 Bd7 9. h4 Bf6 10. Qg4 h5 11. Qg3 Qe7 12. Bg5 Bxg5 13. hxg5 0-0-0 14. Be2 g6 15. 0-0 Nf5 16. Nxc6 Bxc6 17. Qf4 h4 18. e4 Nd6 19. exd5 Bxd5 20. Bf3 Bxf3 21. Nxf3 h3 22. gxh3 Rxh3 23. Qg4 Rdh8 24. Kg2 f5 25. Qf4 R3h5 26. Rae1 Nf7 27. Re2 Nxg5 28. Nxg5 Rxg5+ 29. Kf3 Rg4 30. Qe5 Rh3+ 31. Qg3 Rgxg3+ 32. fxg3 Qd6 33. Rg1 Qd5+ 34. Kf2 f4 35. a3 fxg3+ 36. Rxg3 Rxg3 37. Kxg3 Qg5+ 38. Kf2 Qf4+ 39. Ke1 Kd7 40. Kd1 Qf1+ 41. Kd2 g5 42. Re4 Qf3 43. Re5 g4 44. Re1 g3 45. Kc2 g2 46. Rg1 Qf2+ 47. Kb3 Qxg1 48. Ka4 Qd1+ 49. b3 g1Q 50. Kb4 Qg5 51. c4 Qdd2+ 52. Ka4 Qda5# 0-1

[Event "GER-chT U10"]
[Site "Magdeburg"]
[Date "2012.12.28"]
[Round "5.3"]
[White "Currenti, Alessandro"]
[Black "Kuehne, Leon"]
[Result "0-1"]
[WhiteElo "748"]
[BlackElo "1074"]
[PlyCount "66"]
[EventDate "2012.12.27"]
[EventType "team-swiss"]
[EventRounds "7"]
[EventCountry "GER"]
[SourceTitle "EXT 2014"]
[Source "ChessBase"]
[SourceDate "2013.11.20"]
[SourceVersion "1"]
[SourceVersionDate "2013.11.20"]
[SourceQuality "1"]
[WhiteTeam "Magdeburg Schachzwerge III"]
[BlackTeam "Magdeburg Schachzwerge"]
[WhiteTeamCountry "GER"]
[BlackTeamCountry "GER"]

1. e4 e5 2. Qh5 Nc6 3. Bc4 g6 4. Qf3 Nf6 5. Bb3 Bc5 6. Qc3 d6 7. Qc4 Be6 8. Qb5 Bb6 9. d3 Qd7 10. Ba4 a6 11. Qc4 Bxc4 12. dxc4 Nxe4 13. f3 Nf2 14. Ne2 Nxh1 15. g3 0-0-0 16. Bg5 Rde8 17. Nd2 d5 18. cxd5 Qxd5 19. Rd1 Qxa2 20. Bb3 Qxb2 21. Rc1 Bg1 22. Kf1 Nd4 23. Nc4 Qxc1+ 24. Nxc1 Nxb3 25. Nxb3 b5 26. Nxe5 Rxe5 27. Na5 Rxg5 28. f4 Rc5 29. Kxg1 b4 30. Kxh1 Rxa5 31. Kg1 Ra2 32. Kf2 Rxc2+ 33. Ke3 Rxh2 0-1

[Event "GER-chT U10"]
[Site "Magdeburg"]
[Date "2012.12.28"]
[Round "4.3"]
[White "Kuehne, Leon"]
[Black "Lorenz, Tobias"]
[Result "0-1"]
[WhiteElo "1074"]
[BlackElo "821"]
[PlyCount "94"]
[EventDate "2012.12.27"]
[EventType "team-swiss"]
[EventRounds "7"]
[EventCountry "GER"]
[SourceTitle "EXT 2014"]
[Source "ChessBase"]
[SourceDate "2013.11.20"]
[SourceVersion "1"]
[SourceVersionDate "2013.11.20"]
[SourceQuality "1"]
[WhiteTeam "Magdeburg Schachzwerge"]
[BlackTeam "Landskrone"]
[WhiteTeamCountry "GER"]
[BlackTeamCountry "GER"]

1. e4 e5 2. Nf3 Nc6 3. Bc4 Bc5 4. c3 h6 5. d4 exd4 6. cxd4 Bb6 7. Nc3 Nf6 8. Bf4 a6 9. Qd2 d6 10. h3 Bd7 11. a3 Qe7 12. Bd3 Nxd4 13. Nxd4 Bxd4 14. 0-0 0-0 15. Ne2 Bb6 16. Ng3 d5 17. e5 Nh7 18. Qc2 Ng5 19. Bxg5 Qxg5 20. Bf5 Bxf5 21. Nxf5 g6 22. Ng3 Qxe5 23. Rfe1 Qd6 24. Qd2 Kh7 25. Qd3 Qc5 26. Rf1 Qd4 27. Qc2 Rae8 28. Rad1 Qc5 29. Qb1 Re6 30. Nh5 d4 31. Nf4 Rf6 32. Nd3 Qf5 33. Rde1 Re6 34. Qd1 Rfe8 35. f4 Rxe1 36. Rxe1 Rxe1+ 37. Qxe1 Qxd3 38. Qe7 Kg7 39. Qe5+ Kh7 40. Qf6 Qf5 41. Qe7 Qxf4 42. h4 d3+ 43. Kh1 d2 44. Qd7 Qf1+ 45. Kh2 d1Q 46. Qe7 Qf4+ 47. Kh3 Qdg4# 0-1

[Event "GER-chT U10"]
[Site "Magdeburg"]
[Date "2012.12.28"]
[Round "3.3"]
[White "Stotzki, Christian"]
[Black "Kuehne, Leon"]
[Result "0-1"]
[WhiteElo "752"]
[BlackElo "1074"]
[PlyCount "90"]
[EventDate "2012.12.27"]
[EventType "team-swiss"]
[EventRounds "7"]
[EventCountry "GER"]
[SourceTitle "EXT 2014"]
[Source "ChessBase"]
[SourceDate "2013.11.20"]
[SourceVersion "1"]
[SourceVersionDate "2013.11.20"]
[SourceQuality "1"]
[WhiteTeam "Ottersleben"]
[BlackTeam "Magdeburg Schachzwerge"]
[WhiteTeamCountry "GER"]
[BlackTeamCountry "GER"]

1. e4 e5 2. Nf3 Nc6 3. Nc3 Nf6 4. Bc4 Nxe4 5. Nxe4 d5 6. Bxd5 Qxd5 7. Nc3 Qd8 8. 0-0 Bg4 9. h3 Bh5 10. g4 Bg6 11. d3 Bc5 12. Bg5 f6 13. Be3 Bb6 14. Bxb6 cxb6 15. Re1 Qc7 16. Nd5 Qd7 17. Nc3 0-0-0 18. Nb5 a6 19. Na7+ Nxa7 20. g5 Bh5 21. Nxe5 Qxh3 22. Re3 Qxe3 23. Qxh5 Qxe5 24. Qh3+ f5 25. Kf1 Qxb2 26. Qxf5+ Rd7 27. Re1 Qxc2 28. g6 hxg6 29. Qxg6 Rh1+ 30. Kg2 Qc6+ 31. Qe4 Rxe1 32. Qxc6+ Nxc6 33. f3 Rxd3 34. Kg3 Rg1+ 35. Kf4 g5+ 36. Ke4 Rd4+ 37. Ke3 g4 38. Kf2 Rgd1 39. fxg4 Rxg4 40. Ke2 Rgd4 41. Kf3 Ra4 42. Kg3 Rd3+ 43. Kf2 Rxa2+ 44. Ke1 Rh3 45. Kf1 Rh1# 0-1

[Event "GER-chT U10"]
[Site "Magdeburg"]
[Date "2012.12.27"]
[Round "1.3"]
[White "Froehlich, Jonna"]
[Black "Kuehne, Leon"]
[Result "0-1"]
[WhiteElo "729"]
[BlackElo "1074"]
[PlyCount "74"]
[EventDate "2012.12.27"]
[EventType "team-swiss"]
[EventRounds "7"]
[EventCountry "GER"]
[SourceTitle "EXT 2014"]
[Source "ChessBase"]
[SourceDate "2013.11.20"]
[SourceVersion "1"]
[SourceVersionDate "2013.11.20"]
[SourceQuality "1"]
[WhiteTeam "Magdeburg Schachzwerge"]
[BlackTeam "Magdeburg Schachzwerge"]
[WhiteTeamCountry "GER"]
[BlackTeamCountry "GER"]

1. e4 e5 2. Nf3 Nc6 3. Nc3 Bc5 4. Bc4 Nf6 5. d3 d6 6. a3 Bg4 7. h3 Bh5 8. g4 Bg6 9. Qd2 Bd4 10. Nd5 0-0 11. g5 Nxd5 12. Bxd5 Rb8 13. h4 Bh5 14. Nxd4 Nxd4 15. Qc3 Ne2 16. Qc4 c6 17. g6 cxd5 18. gxh7+ Kxh7 19. Qxd5 Rc8 20. Kd2 g5 21. c3 gxh4 22. d4 exd4 23. cxd4 Nf4 24. Qf5+ Bg6 25. Qxf4 Kg7 26. Rxh4 Rh8 27. Rxh8 Qxh8 28. Qxd6 Qh6+ 29. Kd1 Qh1+ 30. Kd2 Qh6+ 31. f4 Qh2+ 32. Kd3 Qg3+ 33. Be3 Qg2 34. d5 Qxe4+ 35. Kd2 Rc2+ 36. Kd1 Qh1+ 37. Bg1 Qxg1# 0-1